Регионална библиотека "Любен Каравелов" - Русе

Растения, които ни хранят и обличат (Запис номер 171853)

MARC детайли
000 -Лидер
Контролно поле с фиксирана дължина nam a22 a 4500
003 - Код на организацията, давaща контролен номер
Контролно поле BLK
005 - Дата и час на последна редакция
Контролно поле 20220422160628.0
008 - Елементи от данни с фиксирана дължина
fixed length control field 180411b bul|||||r ||||||| ||bul||
010 ## - Наследен системен номер
LC control number KNG00180144000
040 ## - Източник на каталожния запис
Идентификатор на билиотеката - собственик на записа BLK
041 ## - Код за език
Код за езика на текст/звукозапис или на отделно заглавие Български
Код за езика КДБФ Български
080 ## - УДК
Текстов определител УДК Полевъдство. Полски култури и производството им
УДК код - определител по УДК 633
УДК определител (02.062)
УДК - код + определител 633(02.062)
100 1# - Редна дума - Автор
Автор Петров, Славчо
Авторска отговорност първи автор
R(LIN) 369487
139 ## - Редно поле
Редна дума Петров, Славчо
Авторски знак Петро - П 47
245 10 - Сведения за заглавието
Заглавие Растения, които ни хранят и обличат
Подзаглавни данни Науч.-попул. четиво
Редно поле (дума) Славчо Петров; * Славчо Петров Попилиев.
250 ## - Област на изданието
Сведения за изданието 2. изд.
257 ## - Страна на издаване
Страна на създаване/издаване България
260 ## - Област на издателските данни
Място на издаване, разпространение и проч. София
Име на издателя, разпространителя и проч. Нар. младеж
Година на издаване 1964
300 ## - Физическа характеристика
Страници 128 с.
Илюстрации и др. с ил.
Размери/Мащаб 25 см
Съпровождащи материали ил. (4 л.)
380 ## - Жанр
Жанр Селско стопанство
490 ## - СЕРИИ (Колекции)
Име на серия Библиотека за политехнически знания
№: серия № 22
9 (RLIN) 205194
500 ## - Общи забележки
Забележка Пълното име на първия авт. е Славчо Петров Попилиев. - 1. изд. 1959. - 5 000 тир.
650 #4 - Допълнително описание по предмет – тема
Основно описание – тема или топоним Селскостопански култури
9 (RLIN) 286996
653 ## - Ключова дума – ненормативна
Ключова дума селскостопански култури
700 1# - Други автори (авторска отговорност)
Лично име Попилиев, Славчо Петров
Автороска отговорност (Описва отношението между автора и произведението) *
9 (RLIN) 307236
852 ## - Местоположение
Форматна сигнатура Цб 30697
Фондова буква Хранилище
856 4# - Електронен адрес и достъп
Електронен формат pdf - файл
856 4# - Електронен адрес и достъп
Електронен формат pdf - файл
999 ## - СИСТЕМНИ КОНТРОЛНИ НОМЕРА
Koha biblionumber 171853
Koha biblioitemnumber 171853
942 ## - АРТИКУЛИ
Вид на библиотечния материал Книги
Скрит в OPAC Не
Периодичен библиозапис Да
944 ## - СЪЗДАВАНЕ И РЕДАКЦИЯ на ЗАПИСА
Създаване/Редакция Създаване
Дата на регистрацията/редакция 21.08.2015
Статус, дата на статуса ф /
Служител, извършил регистрацията/редакцията Людмила_Стоянова
944 ## - СЪЗДАВАНЕ И РЕДАКЦИЯ на ЗАПИСА
Създаване/Редакция Редакция
Дата на регистрацията/редакция 28.09.2017
Статус, дата на статуса ф /
Служител, извършил регистрацията/редакцията Вася_Ганчева
Наличности
Код за отписване Код за изгубен артикул Източник на класификационната схема Код за повреда Коз за рестрикции Код за отдаване Артикулен № Име на библиотеката - собственик Име на библиотеката, в която се намира в момента Статус (Текущо местоположение) Дата на вписване в системата Местоположение - отдел Цена в лева Инвентарен номер Систематично азбучна сигнатура Баркод Номер на екземпляра Цена в евро Служебна бележка Служебен тип на артикула Бележка за публиката
  Не е изгубен Universal Decimal Classification Не е повреден само за читалня ползва се в читалня 292456 Регионална библиотека "Любен Каравелов" Русе Регионална библиотека "Любен Каравелов" Русе Хранилище 1964-01-01 Хранилище 0.52 10311/64 Цб 30697 900000092983 1 0.27 Дост: Dp Вид: Д N: стар фонд Дата: 01.01.1964 Книги  
Изтеглен Не е изгубен Universal Decimal Classification Не е повреден без рестрикции заемане за дома 292457 Регионална библиотека "Любен Каравелов" Русе Регионална библиотека "Любен Каравелов" Русе Заемна - подръчен фонд 1964-01-01 Заемна - подръчен фонд 0.00 10674/64 П 633/П 47 10674/64 2 0.00 Дост: Pk Вид: Ф N: стар фонд Дата: 01.01.1964 Книги  
Изтеглен Не е изгубен Universal Decimal Classification Не е повреден без рестрикции заемане за дома 292458 Регионална библиотека "Любен Каравелов" Русе Регионална библиотека "Любен Каравелов" Русе Заемна - подръчен фонд 1964-01-01 Заемна - подръчен фонд 0.52 10676/64 П 633/П 47 900000042448 3 0.27 Дост: Pk Вид: Ф N: стар фонд Дата: 01.01.1964 Дата инв: 06.02.2018 Бележки инв: П2018 Книги  
Изтеглен Не е изгубен   Не е повреден без рестрикции заемане за дома 292459 Регионална библиотека "Любен Каравелов" Русе Регионална библиотека "Любен Каравелов" Русе   1964-01-01 Детски отдел 0.52 11112/64 ДН 633/635/П 47 11112/64 4 0.27 Дост: Pk Вид: Ф N: стар фонд Дата: 01.01.1964 Дата инв: 02.10.2015 Бележки инв: Д2015 Книги Отч.N: 40/2017 , Дата: 07.09.2017
Изтеглен Не е изгубен   Не е повреден без рестрикции заемане за дома 292460 Регионална библиотека "Любен Каравелов" Русе Регионална библиотека "Любен Каравелов" Русе Детски отдел 1964-01-01 Детски отдел 0.52 11114/64 ДН 633/635/П 47 11114/64 5 0.27 Дост: Pk Вид: Ф N: стар фонд Дата: 01.01.1964 Дата инв: 25.08.2015 Бележки инв: Д2015 Книги  
Изтеглен Не е изгубен   Не е повреден без рестрикции заемане за дома 292461 Регионална библиотека "Любен Каравелов" Русе Регионална библиотека "Любен Каравелов" Русе   1964-01-01 Детски отдел 0.52 11117/64 ДН 633/635/П 47 11117/64 6 0.27 Дост: Pk Вид: Ф N: стар фонд Дата: 01.01.1964 Дата инв: 02.10.2015 Бележки инв: Д2015 Книги Отч.N: 40/2017 , Дата: 07.09.2017
Vip Innovations Ltd, Rousse, Bulgaria 2025